Open Data Biblioteca Nacional de Portugal


República Portuguesa: Ministério da Cultura
Biblioteca Nacional de Portugal

Catálogo da BNP: acesso por Identificadores Unívocos
Registos Bibliográficos associados ao registo de autoridade

Etiqueta de registo: 00701cam 02200229 04500
001 80372
003 http://id.bnportugal.gov.pt/bib/catbnp/80372
005 20020308123800.0
095 ## $aPTBN00083524
100 ## $a19950301d1955 a y0pora0103 ba
101 0# $apor
102 ## $aPT
105 ## $aa z 001yy
106 ## $ar
200 1# $aEm pleno azul$fVirgínia de Castro e Almeida$gil. A. Duarte de Almeida
205 ## $a6ª ed
210 #9 $aLisboa$cLiv. Clássica Editora,$d1955
215 ## $a258, [2] p.$cil.$d20 cm
225 2# $a Os melhores livros para crianças$v4
675 ## $a087.5$vBN$zpor$3287999
675 ## $a821.134.3-93"18/19"$vBN$zpor$31009697
675 ## $a821.134.3-311.3"18/19"$vBN$zpor$31283329
700 #1 $aAlmeida,$bVirgínia de Castro e,$f1874-1945$32331
702 #1 $aAlmeida,$bÁlvaro Duarte de,$f1909-1972$4440$31201
801 #0 $aPT$bBN$gRPC
966 ## $lBN$mFGMON$sP. 14477 P.$x6
966 ## $lBN$mFGMON$sP. 14531 P.$x1
998 ## $aCR030 - 00009

Etiqueta de registo: 00655cam 02200217 04500
001 92288
003 http://id.bnportugal.gov.pt/bib/catbnp/92288
100 ## $a19981119d1958 m y0pory01030103ba
101 0# $apor
102 ## $aPT
105 ## $aa z 000yy
106 ## $ar
200 1# $aMusa cérula (1891-93)$fAugusto Gil$gdes. Álvaro Duarte de Almeida
205 ## $a2ª ed
210 #9 $aLisboa$cPortugália,$dimp. 1958
215 ## $a113, [2] p.$cil.$d20 cm
317 ## $aBiblioteca Jorge de Sena$5PTBN: J.S. 7007
675 ## $a821.134.3-1"18/19"$vBN$zpor$31035704
700 #1 $aGil,$bAugusto,$f1873-1929$3787367
702 #1 $aAlmeida,$bÁlvaro Duarte de,$f1909-1972$4440$31201
801 #0 $aPT$bBN$gRPC
966 ## $lBN$mFGMON$pBiblioteca Jorge de Sena$sJ.S. 7007$x3
966 ## $lBN$mFGMON$sL. 48027 P.$x1
998 ## $aCR304 - 00468

Etiqueta de registo: 00658cam 022002291 04500
001 92600
003 http://id.bnportugal.gov.pt/bib/catbnp/92600
005 20010807155500.0
095 ## $aPTBN00096203
100 ## $a19590901d1959 k y0pora0103 ba
101 0# $apor
102 ## $aPT
200 1# $aVitorino Frois$fPepe Luís$gpref. João Fragoso
210 #9 $aLisboa$cFrancisco Franco,$d1959
215 ## $a102 p.$cil.$d20 cm
225 2# $aGaleria do aficionado$v1
675 ## $a79$vmed$zpor$3288684
700 #1 $aLuiz,$bPepe,$cpseud.$3710139
702 #1 $aFragoso,$bJoão Dinis,$f1902-$4080$31492067
702 #1 $aAlmeida,$bÁlvaro Duarte de,$f1909-1972$4440$31201
801 #0 $aPT$bBN$gRPC
966 ## $lBN$mFGMON$sB.A. 3218 P.
998 ## $aCR333 - 00280

Etiqueta de registo: 00525cam 2200181 450
001 740493
003 http://id.bnportugal.gov.pt/bib/catbnp/740493
005 20000217164600.0
095 ## $aPTBN00527742
100 ## $a19990108d1945 m y0pory0103 ba
101 0# $apor
102 ## $aPT
105 ## $aa z 000yy
106 ## $ar
200 1# $aQuinze minutos de ginástica para todos$fCelestino Marques Pereira$gil. A. Duarte de Almeida
210 #9 $aLisboa$cEnciclopédia,$d1945
215 ## $a35 p., [5] f. desdobr.$cil.$d19 cm
606 ## $aActividades físicas$j[Manuais]$2SIPOR$3956959
675 ## $a796.012(035)$vBN$zpor$3617624
700 #1 $aPereira,$bCelestino Marques,$f1909-1978$372256
702 #1 $aAlmeida,$bÁlvaro Duarte de,$f1909-1972$4440$31201
801 #0 $aPT$bBN$gRPC
966 ## $lBN$mFGMON$pBiblioteca Popular$sB.A. 7472 P.$x6
966 ## $lBN$mFGMON$sS.A. 24317 P.
998 ## $aCR629-211

Etiqueta de registo: 01587cam 02200373 04500
001 491222
003 http://id.bnportugal.gov.pt/bib/catbnp/491222
100 ## $a19950227d1952 a y0pory01030103ba
101 0# $apor
102 ## $aPT
105 ## $aa z 001fy
106 ## $ar
200 1# $aHistórias maravilhosas da tradição popular portuguesa$fAna de Castro Osório$gdes. Álvaro Duarte de Almeida
210 #9 $aLisboa$cSoc. de Expansão Cultural,$d[D.L. 1952]
215 ## $a2 v.$cil.$d26 cm
675 ## $a087.5$vBN$zpor$3287999
675 ## $a821.134.3-93"18/19"$vBN$zpor$31009697
675 ## $a821.134.3-342"18/19"$vBN$zpor$31518900
675 ## $a398.2(=1:469)"18/19"(0.053.2)$vBN$zpor$31518903
700 #1 $aOsório,$bAna de Castro,$f1872-1935$329996
702 #1 $aAlmeida,$bÁlvaro Duarte de,$f1909-1972$4440$31201
801 #0 $aPT$bBN$gRPC
856 40 $uhttps://purl.pt/39286
856 41 $uhttps://purl.pt/39286/service/media/cover/low
856 49 $uhttps://purl.pt/39286/service/media/pdf/p-38651-v$qapplication/pdf
856 49 $uhttps://purl.pt/39286/service/media/pdf/p-38652-v$qapplication/pdf
958 ## $aBND$bLivre$cDigitalizado$d1$ehttps://purl.pt/39286/service/media/cover/max
966 ## $b003$d1º v.$lBN$mFGMON$sP. 38651 V.$x6
966 ## $b003$d2º v.$lBN$mFGMON$sP. 38652 V.$x6
966 ## $b002$d1º v.$lBN$mFGMON$sP. 38850 V.
966 ## $b002$d2º v.$lBN$mFGMON$sP. 38851 V.
966 ## $b001$d1º v.$lBN$mFGMON$sP. 38852 V.$x6
966 ## $b001$d2º v.$lBN$mFGMON$sP. 38853 V.$x6
995 ## $aEODOPEN $zBND$d20210728$idfontes

Etiqueta de registo: 00728cam 22002171 450
001 562446
003 http://id.bnportugal.gov.pt/bib/catbnp/562446
005 20000302082100.0
095 ## $aPTBN00769622
100 ## $a19990103d1965 m y0pory0103 ba
101 0# $apor
102 ## $aPT
106 ## $ar
200 1# $aAuto das boas almas$epeça em 1 acto$fFrancisco Ventura$gil. Álvaro Duarte de Almeida
210 #9 $aLisboa$cOrganizações,$d1965
215 ## $a26, [1] p.$cil.$d20 cm
305 ## $aSep. Mensário Casas Povo, 229-231
700 #1 $aVentura,$bFrancisco Manuel,$f1910-1994$3168818
702 #1 $aAlmeida,$bÁlvaro Duarte de,$f1909-1972$4440$31201
801 #0 $aPT$bBN$gRPC
966 ## $lBN$mFGMON$sL. 57313 P.
966 ## $lBN$mFGMON$nEx. com dedicatória do autor$pBiblioteca Álvaro Ribeiro$sL. 62704 V.$x3

Etiqueta de registo: 01232cam 02200313 04500
001 91795
003 http://id.bnportugal.gov.pt/bib/catbnp/91795
100 ## $a19600301d1960 m y0pora01030103ba
101 0# $apor
102 ## $aPT
105 ## $aa z 000yy
106 ## $ar
200 1# $aUltimas histórias maravilhosas da tradição popular portuguesa$fcompil. Ana de Castro Osório$gil. Álvaro Duarte de Almeida
210 #9 $aLisboa$cSociedade de Expansão Cultural,$d[D.L. 1960]
215 ## $a112 p.$cil.$d24 cm
317 ## $aBiblioteca Matilde Rosa Araújo$5PTBN: P. 67183 V.
675 ## $a087.5$vBN$zpor$3287999
675 ## $a821.134.3-93"18/19"$vBN$zpor$31009697
675 ## $a821.134.3-342"18/19"$vBN$zpor$31518900
675 ## $a398.2(=1:469)"18/19"(0.053.2)$vBN$zpor$31518903
702 #1 $aOsório,$bAna de Castro,$f1872-1935$4220$329996
702 #1 $aAlmeida,$bÁlvaro Duarte de,$f1909-1972$4440$31201
801 #0 $aPT$bBN$gRPC
856 40 $uhttps://purl.pt/40366
856 41 $uhttps://purl.pt/40366/service/media/cover/low
856 49 $uhttps://purl.pt/40366/service/media/pdf$qapplication/pdf
958 ## $aBND$bLivre$cDigitalizado$d1$ehttps://purl.pt/40366/service/media/cover/max
966 ## $lBN$mFGMON$sP. 2827 V.
966 ## $lBN$mFGMON$pBiblioteca Matilde Rosa Araújo$sP. 67183 V.$x3
995 ## $aEODOPEN $zBND$d20210728$idfontes

Etiqueta de registo: 01720cam 2200397 450
001 755163
003 http://id.bnportugal.gov.pt/bib/catbnp/755163
005 19990108000000.0
021 ## $aPT$b59580/92
021 ## $aPT$b63986/93
021 ## $aPT$b61876/92
095 ## $aPTBN00542493
100 ## $a19940120g19939999e a0pory0103 ba
101 0# $apor
102 ## $aPT
105 ## $aa z 000yy
106 ## $ar
200 1# $aArtes visuais$etextos de apoio para a área de formação específica$eensino recorrente, 3º ciclo por unidades capitalizáveis$fMinistério da Educação, Departamento da Educação Básica$gelab. Irene San Payo, Álvaro Duarte de Almeida
210 #9 $aLisboa$cD.E.B.,$dimp. 1993-
215 ## $av.$cil.$d30 cm
327 0# $a1º v.: Linguagem visual, cor, interacção dos elementos. - 50 p.$a2º v.: Unidade património. - Lisboa : DGE, 1993. - 109 p.$a3º v.: Construções geométricas básicas, sistemas de rrepresentação... - 84 p.
606 ## $2SIPOR$3116860
675 ## $a73/76(075)$vBN$zpor$3473266
675 ## $a374$vBN$zpor$3288719
702 #1 $aSampaio,$bIrene$4070$3108582
702 #1 $aAlmeida,$bÁlvaro Duarte de,$f1909-1972$4070$31201
710 01 $aPortugal.$bMinistério da Educação.$bDepartamento da Educação Básica$3112139
801 #0 $aPT$bBN$gRPC
966 ## $d 3º v.$e $f $lBN$mFGMON$sC.G. 15387 V.$x1
966 ## $d 1º v.$e $f $lBN$mFGMON$sC.G. 15387 V.$x1
966 ## $d 2º v.$e $f $lBN$mFGMON$sC.G. 15387 V.$x1

Etiqueta de registo: 00963cam 22002651 450
001 89485
003 http://id.bnportugal.gov.pt/bib/catbnp/89485
005 19981119094800.0
095 ## $aPTBN00093019
100 ## $a19620201d1961 m y0pory0103 ba
101 0# $apor
102 ## $aPT
200 1# $a O homem e o trabalho$fAntónio Correia de Oliveira$gcompil. Henrique José Barrilaro Fernandes Ruas$gil. Álvaro Duarte de Almeida
210 #9 $aLisboa$cJunta de Acção Social,$d1961
215 ## $a320, [1] p., [3] f.$cil.$d18 cm
225 2# $aBiblioteca social e corporativa$v22
675 ## $a821.134.3-1"19"$vmed$zpor$3288131
700 #1 $aOliveira,$bAntónio Correia de,$f1879-1960$332665
702 #1 $aRuas,$bHenrique Barrilaro,$f1921-2003$4220$334254
702 #1 $aAlmeida,$bÁlvaro Duarte de,$f1909-1972$4440$31201
801 #0 $aPT$bBN$gRPC
966 ## $lBN$mFGMON$sL. 52729 P.$x1
998 ## $aCR457-00060

Etiqueta de registo: 00800ccm 22002411 450
001 838268
003 http://id.bnportugal.gov.pt/bib/catbnp/838268
005 20010807155500.0
095 ## $aPTBN00492124
100 ## $a19970417d1936 k y0pory0103 ba
101 0# $apor
102 ## $aPT
200 1# $aVeras do coração$bMúsica impressa]$fversos de José Luiz Ribeiro, música de Helena de Aragão et al.$gil. de Aurora Severo et al.
210 #9 $aLisboa$cLit. Tejo,$d1936
215 ## $aPartitura ([19] p.)$d35 cm
304 ## $aOutros autores: músicas de Frederico de Freitas, Manuel Benjamim, Alves Coelho, Alberto Morais, J. Coutinho de Oliveira, Palma Vargas, Belo Marques e Boavida Portugal. Ilustrações de Aurora Severo, Sousa Mendes (capa), Álvaro Duarte de Almeida e Manuel Lima
317 ## $aProv. Conservatório Nacional$5PTBN: C.N. 1937 A.
501 1# $aCanções,$rV, pf
606 ## $aMúsica para canto e piano$zSéc. 20$j[Música impressa]$2SIPOR$3947956
675 ## $a784.3$vBN$zpor$3379590
675 ## $a784:786.2$vBN$zpor$3519118
675 ## $a78.089.6$vBN$zpor$3536969
700 #1 $aLuiz,$bPepe,$cpseud.$3710139
701 #1 $aAragão,$bHelena de,$f1880-1961$4230$35930
701 #1 $aBenjamim,$bManuel,$f1850-1933$4230$312581
701 #1 $aCoelho,$bJoão Rodrigues Alves,$f1882-1931$4230$3156181
701 #1 $aFreitas,$bFrederico de,$f1902-1980$4230$343209
701 #1 $aMarques,$bBelo,$f1898-1987$382463
701 #1 $aMorais,$bAlberto de,$f1875-1932$398272
701 #1 $aOliveira,$bJosé Augusto Coutinho de,$f1894-1931$31117906
701 #1 $aPortugal,$bJ. M. Boavida,$f1917-2005$346040
701 #1 $aVargas,$bF. Palma,$ffl. 1936$31426334
702 #1 $aSevero,$bAurora$4440$3118997
702 #1 $92$aMendes,$bSousa$ffl. 1936$4140$31426392
702 #1 $aAlmeida,$bÁlvaro Duarte de,$f1909-1972$31201
702 #1 $91$aLima,$bManuel,$c1911-1991$346697
712 01 $aPortugal.$bConservatório Nacional.$bEscola de Música$4390$31172174
801 #0 $aPT$bBN$gRPC
966 ## $lBN$mMUSICA$sC.N. 1937 A.$x6
966 ## $lBN$mMUSICA$sM.P. 2348 A.
998 ## $aCI251-286

Etiqueta de registo: 00519cam 2200193 450
001 739721
003 http://id.bnportugal.gov.pt/bib/catbnp/739721
100 ## $a19990108d1944 cd y0pory01030103ba
101 0# $apor
102 ## $aPT
105 ## $aa z 001yy
106 ## $ar
200 1# $aEm pleno azul$fVirgínia de Castro e Almeida$gil. A. Duarte de Almeida
205 ## $a4ª ed
210 #9 $aLisboa$cClássica Editora,$d1944
215 ## $a331 p.$d19 cm
225 2# $a Os melhores livros para crianças$v4
317 ## $aBiblioteca particular de Eduardo Nery$5PTBN: P. 27746 P.
675 ## $a087.5$vBN$zpor$3287999
675 ## $a821.134.3-93"18/19"$vBN$zpor$31009697
675 ## $a821.134.3-311.3"18/19"$vBN$zpor$31283329
700 #1 $aAlmeida,$bVirgínia de Castro e,$f1874-1945$32331
702 #1 $aAlmeida,$bÁlvaro Duarte de,$f1909-1972$4440$31201
801 #0 $aPT$bBN$gRPC
966 ## $lBN$mFGMON$pBiblioteca Popular$sP. 14255 P.$x6
966 ## $lBN$mFGMON$sP. 15129 P.$x1
966 ## $lBN$mFGMON$pBiblioteca Eduardo Nery$sP. 27746 P.$x3
972 ## $e0$z0$d20231110$vmsebas

Etiqueta de registo: 00929cam 22002771 450
001 406642
003 http://id.bnportugal.gov.pt/bib/catbnp/406642
005 20020308125000.0
095 ## $aPTBN00434959
100 ## $a19930309d1964 km y0pory0103 ba
101 0# $apor
102 ## $aPT
200 1# $aEm pleno azul$fVirgínia de Castro e Almeida$gil. de A. Duarte de Almeida
205 ## $a8ª ed
210 #9 $aLisboa$cA.M. Teixeira & Cª Filhos,$d1964
215 ## $a258, [2] p.$cil.$d20 cm
225 2# $a Os melhores livros para crianças$v4
325 1# $aBraille impresso (grau 2). - Porto : CPAC, 1970. - 3 vol. ; 31 cm. - Cota ALDV: 228bl_001-228bl_003
339 ## $aCPAC $bBraille impresso (grau 2) $c $dNao $e228bl_001-228bl_003
675 ## $a087.5$vBN$zpor$3287999
675 ## $a821.134.3-93"18/19"$vBN$zpor$31009697
675 ## $a821.134.3-311.3"18/19"$vBN$zpor$31283329
700 #1 $aAlmeida,$bVirgínia de Castro e,$f1874-1945$32331
702 #1 $aAlmeida,$bÁlvaro Duarte de,$f1909-1972$4440$31201
801 #0 $aPT$bBN$gRPC
966 ## $lBN$mFGMON$sP. 15142 P.
966 ## $d2v$lBN$mINVISU$s228 623$x0
966 ## $d3v$lBN$mINVISU$s228 624$x0
966 ## $lBN$mINVISU$s228bl_001-228bl_003 $x0
998 ## $aCR552-372

Etiqueta de registo: 00666cam 022002171 04500
001 348717
003 http://id.bnportugal.gov.pt/bib/catbnp/348717
005 19981229000000.0
095 ## $aPTBN00369565
100 ## $a19920703d1963 c y0pory0103 ba
101 0# $apor
102 ## $aPT
200 1# $aABC dos pequeninos$fManuel António Janeiro Acabado$gdes. álvaro Duarte de Almeida
205 ## $a14ª ed
210 #9 $aPorto$cManuel Camanho [deposit.,$dD.L. 1963]
215 ## $a32, [2] p.$cil.$d17 cm
675 ## $a372$vmed$zpor$3288593
700 #1 $aAcabado,$bManuel António Janeiro,$f1888-1970$31829
702 #1 $aAlmeida,$bÁlvaro Duarte de,$f1909-1972$4440$31201
801 #0 $aPT$bBN$gRPC
966 ## $lBN$mFGMON$sS.C. 21734 P.
998 ## $aCR362-203

Etiqueta de registo: 00899cam 22002171 450
001 348153
003 http://id.bnportugal.gov.pt/bib/catbnp/348153
005 19981229000000.0
095 ## $aPTBN00369003
100 ## $a19920703d1958 m y0pory0103 ba
101 0# $apor
102 ## $aPT
200 1# $aCaminhos da Terra Santa$fAlberto Feliciano Marques Pereira$gpref. de D. Manuel Trindade Salgueiro, arcebispo de Évora, e do Pe. António Gregório Neves$gil. de Álvaro Duarte de Almeida, Eduardo Teixeira Coelho, João Sequeira e Max Romer
210 #9 $aLisboa$cA. F. M. Pereira,$d1958
215 ## $a265 p., 3 f.$cil.$d35 cm
675 ## $a91$vmed$zpor$3288224
700 #1 $aPereira Junior,$bAlberto Feliciano Marques,$f1908-1969$374223
702 #1 $aNeves,$bAntónio Gregório,$f1911-2000$4080$3103228
702 #1 $aAlmeida,$bÁlvaro Duarte de,$f1909-1972$4440$31201
712 01 $aÉvora$bArcebispo,$c1955-1965 (Manuel Trindade Salgueiro)$4080$3491966
801 #0 $aPT$bBN$gRPC
966 ## $lBN$mFGMON$sH.G. 8007 A.

Etiqueta de registo: 00849cam 2200241 450
001 335500
003 http://id.bnportugal.gov.pt/bib/catbnp/335500
005 19991115151000.0
095 ## $aPTBN00352620
100 ## $a19911216d1948 d y0pory01030103ba
101 0# $apor
102 ## $aPT
105 ## $aa j 001yy
106 ## $ar
200 1# $a A lição de ginástica por meio de jogos$fAlberto Feliciano Marques Pereira$gpref. Mendes Correia, des. Álvaro Duarte de Almeida
210 #9 $aLisboa$c[s.n.],$d1948
215 ## $a136 p.$cil.$d24 cm
225 2# $aGinástica infantil$vlivro IV
517 1# $aGinástica infantil
606 ## $aGinástica infantil$xUtilização de jogos$x[Manuais]$2SIPOR$350647
675 ## $a796.4-053.2(075)$vBN$zpor$3481176
700 #1 $aPereira,$bAlberto Feliciano Marques,$f1908-1969$31757926
702 #1 $aCorreia,$bA. A. Mendes,$f1888-1960$4080$350677
702 #1 $aAlmeida,$bÁlvaro Duarte de,$f1909-1972$4440$31201
801 #0 $aPT$bBN$gRPC
966 ## $lBN$mFGMON$nExemplar com dedicatória do autor$sB.A. 11762 V.$x2
966 ## $lBN$mFGMON$sC.G. 6832 V.

Etiqueta de registo: 00648cam 02200217 04500
001 209008
003 http://id.bnportugal.gov.pt/bib/catbnp/209008
100 ## $a19630201d1962 em y0pora01030103ba
101 0# $apor
102 ## $aPT
105 ## $aa z 000yy
106 ## $ar
200 1# $aCéu aberto$fVirgínia de Castro e Almeida$gil. A. Duarte de Almeida
205 ## $a8ª ed
210 #9 $aLisboa$cLivraria Classica Editora A. M. Teixeira,$dimp. 1962
215 ## $a330, [1] p.$cil.$d19 cm
317 ## $aDoação de Ana Rita Palmeirim$5PTBN: P. 26994 P.
675 ## $a087.5$vBN$zpor$3287999
675 ## $a821.134.3-93"18/19"$vBN$zpor$31009697
675 ## $a821.134.3-311.3"18/19"$vBN$zpor$31283329
700 #1 $aAlmeida,$bVirgínia de Castro e,$f1874-1945$32331
702 #1 $aAlmeida,$bÁlvaro Duarte de,$f1909-1972$4440$31201
801 #0 $aPT$bBN$gRPC
966 ## $lBN$mFGMON$sP. 13912 P.
966 ## $lBN$mFGMON$sP. 26994 P.$x3

Etiqueta de registo: 00655cam 022002051 04500
001 202918
003 http://id.bnportugal.gov.pt/bib/catbnp/202918
005 19990420162200.0
095 ## $aPTBN00210526
100 ## $a19601101d1960 m y0pora0103 ba
101 0# $apor
102 ## $aPT
200 1# $aFrancisco de Assis, renovador da humanidade$ebiografia$fAntónio Guedes de Amorim$gil. álvaro Duarte de Almeida
210 #9 $aLisboa$cSoc. de Expansão Cultural,$d1960
215 ## $a411, [5] p.$d21 cm
675 ## $a92$vmed$zpor$3288142
700 #1 $aAmorim,$bAntónio Guedes de,$f1901-1979$3117929
702 #1 $aAlmeida,$bÁlvaro Duarte de,$f1909-1972$4440$31201
801 #0 $aPT$bBN$gRPC
966 ## $lBN$mRESIMP$sRES. 4010 P.
998 ## $aCR340 - 00348

Etiqueta de registo: 00695cam 22002171 450
001 168607
003 http://id.bnportugal.gov.pt/bib/catbnp/168607
005 20010807155500.0
095 ## $aPTBN00175564
100 ## $a19600501d1960 emby0pora0103 ba
101 0# $apor
102 ## $aPT
200 1# $aTrincheira e José Júlio "mano-a-mano"$fJosé Luís Ribeiro$gpref. Alves Redol$gdes. álvaro Duarte de Almeida
210 #9 $aLisboa$cFrancisco Franco,$d1960
215 ## $a107 p.$cil.$d20 cm
225 2# $aGaleria do aficionado$v2
675 ## $a79$vmed$zpor$3288684
700 #1 $aLuiz,$bPepe,$cpseud.$3710139
702 #1 $aRedol,$bAlves,$f1911-1969$4080$321642
702 #1 $aAlmeida,$bÁlvaro Duarte de,$f1909-1972$4410$31201
801 #0 $aPT$bBN$gRPC
966 ## $lBN$mFGMON$sB.A. 3291 P.

Etiqueta de registo: 00706cam 22002171 450
001 136208
003 http://id.bnportugal.gov.pt/bib/catbnp/136208
005 20020308124600.0
095 ## $aPTBN00141873
100 ## $a19600601d1960 a y0pora0103 ba
101 0# $apor
102 ## $aPT
200 1# $aEm pleno azul$fVirgínia de Castro e Almeida$gil. de A. Duarte de Almeida
205 ## $a7ª ed
210 #9 $aLisboa$cA. M. Teixeira & C.ª, Filhos Lda.,$d1960
215 ## $a258, [2] p.$cil.$d20 cm
225 2# $a Os melhores livros para crianças$v4
675 ## $a087.5$vBN$zpor$3287999
675 ## $a821.134.3-93"18/19"$vBN$zpor$31009697
675 ## $a821.134.3-311.3"18/19"$vBN$zpor$31283329
700 #1 $aAlmeida,$bVirgínia de Castro e,$f1874-1945$32331
702 #1 $aAlmeida,$bÁlvaro Duarte de,$f1909-1972$4440$31201
801 #0 $aPT$bBN$gRPC
966 ## $lBN$mFGMON$sP. 15138 P.

Etiqueta de registo: 00648cam 2200205 450
001 134839
003 http://id.bnportugal.gov.pt/bib/catbnp/134839
005 20020308124500.0
095 ## $aPTBN00140501
100 ## $a19571201d1957 a y0pora0103 ba
101 1# $apor
102 ## $aPT
105 ## $aa z 000yy
106 ## $ar
200 1# $aAventuras de Robin dos Bosques$ftrad. H. Ferreira Alves$gdes. Álvaro Duarte de Almeida
210 #9 $aLisboa$cPortugal Editora,$d[1957?]
215 ## $a211, [4] p.$cil.$d20 cm
225 2# $aBiblioteca dos rapazes$v27
675 ## $a087.5$vBN$zpor$3287999
675 ## $a821.111(73)-93"19"$vBN$zpor$3556079
675 ## $a821.111(73)-311.3"19"$vBN$zpor$3389728
702 #1 $aAlves,$bHorácio$4730$3146011
702 #1 $aAlmeida,$bÁlvaro Duarte de,$f1909-1972$4440$31201
801 #0 $aPT$bBN$gRPC
966 ## $lBN$mFGMON$sP. 14529 P.$x6
966 ## $lBN$mFGMON$sP. 15421 P.

Etiqueta de registo: 00673cam 22002171 450
001 132138
003 http://id.bnportugal.gov.pt/bib/catbnp/132138
005 19981121202500.0
095 ## $aPTBN00137783
100 ## $a19891001d1954 a y0pora0103 ba
101 0# $apor
102 ## $aPT
200 1# $aCéu aberto$fVirgínia de Castro e Almeida$gil. A. Duarte de Almeida
205 ## $a6ª ed
210 #9 $aLisboa$cLiv. Clássica Editora,$d1954
215 ## $a330, [1] p.$d20 cm
225 2# $a Os melhores livros para crianças$v3
675 ## $a087.5$vBN$zpor$3287999
675 ## $a821.134.3-93"18/19"$vBN$zpor$31009697
675 ## $a821.134.3-311.3"18/19"$vBN$zpor$31283329
700 #1 $aAlmeida,$bVirgínia de Castro e,$f1874-1945$32331
702 #1 $aAlmeida,$bÁlvaro Duarte de,$f1909-1972$4440$31201
801 #0 $aPT$bBN$gRPC
966 ## $lBN$mFGMON$sP. 13910 P.

Etiqueta de registo: 01013cam 02200313 04500
001 124349
003 http://id.bnportugal.gov.pt/bib/catbnp/124349
005 20010327110900.0
021 ## $aPT$b23071/88
021 ## $aPT$b23657/88
095 ## $aPTBN00129913
100 ## $a19981121e19881963m y0pora0103 ba
101 0# $apor
102 ## $aPT
105 ## $aa z 001yy
106 ## $ar
200 1# $a A caça em Portugal$fdir. e coord. Carlos Eurico da Costa$gil. Álvaro Duarte de Almeida
205 ## $a3ª ed
210 #9 $aLisboa$cEstampa,$d1988
215 ## $a2 v.$cil.$d21 cm
225 2# $aDesporto$v5-6
327 1# $a1º v. : 408 p.$a2º v. : 1988. - 434 p.
675 ## $a799.2$vBN$zpor$3295893
702 #1 $aCosta,$bCarlos Eurico da,$f1928-1998$4300$351934
702 #1 $aAlmeida,$bÁlvaro Duarte de,$f1909-1972$4440$31201
801 #0 $aPT$bBN$gRPC
966 ## $b001$d1º v.$lBN$mFGMON$sB.A. 10466 V.
966 ## $b001$d2º v.$lBN$mFGMON$p {ºd$sB.A. 10467 V.

Etiqueta de registo: 00864cam 02200289 04500
001 117952
003 http://id.bnportugal.gov.pt/bib/catbnp/117952
005 19981120230500.0
021 ## $aPT$b23890/88
095 ## $aPTBN00123370
100 ## $a19890331d1988 m y0pora0103 ba
101 0# $apor
102 ## $aPT
105 ## $aa z 001ay
200 1# $aCeu aberto$fVirginia de Castro e Almeida$gil. de A. Duarte de Almeida
205 ## $a12. ed
210 #9 $aLisboa$cClassica,$d1988
215 ## $a340 p.$cil.$d18 cm
225 2# $aJuvenil$v9
675 ## $a087.5$vBN$zpor$3287999
675 ## $a821.134.3-93"18/19"$vBN$zpor$31009697
675 ## $a821.134.3-311.3"18/19"$vBN$zpor$31283329
700 #1 $aAlmeida,$bVirgínia de Castro e,$f1874-1945$32331
702 #1 $aAlmeida,$bÁlvaro Duarte de,$f1909-1972$4440$31201
801 #0 $aPT$bBN$gRPC
966 ## $c2$lBN$mFGMON$sP. 9875 P.$x1
966 ## $c2$lBN$mFGMON$sP. 9875 P.-D $x1

Etiqueta de registo: 00648cam 022002171 04500
001 91490
003 http://id.bnportugal.gov.pt/bib/catbnp/91490
005 20020308124300.0
095 ## $aPTBN00095089
100 ## $a19580501d1958 m y0pora0103 ba
101 0# $apor
102 ## $aPT
200 1# $aCéu aberto$fVirgínia de Castro e Almeida$gil. A. Duarte de Almeida
205 ## $a7ª ed
210 #9 $aLisboa$cA. M. Teixeira,$d1958
215 ## $a330, [1] p.$cil.$d20 cm
675 ## $a087.5$vBN$zpor$3287999
675 ## $a821.134.3-93"18/19"$vBN$zpor$31009697
675 ## $a821.134.3-311.3"18/19"$vBN$zpor$31283329
700 #1 $aAlmeida,$bVirgínia de Castro e,$f1874-1945$32331
702 #1 $aAlmeida,$bÁlvaro Duarte de,$f1909-1972$4440$31201
801 #0 $aPT$bBN$gRPC
966 ## $lBN$mFGMON$sP. 13911 P.
966 ## $lBN$mFGMON$sP. 15199 P.$x6
998 ## $aCR316 - 00166

Etiqueta de registo: 00799cam 22002531 450
001 235455
003 http://id.bnportugal.gov.pt/bib/catbnp/235455
005 19981204112900.0
095 ## $aPTBN00243820
100 ## $a19900423d1965 a y0pory0103 ba
101 0# $apor
102 ## $aPT
105 ## $aa z 001gy
106 ## $ar
200 1# $aContos e fábulas em verso$fPaulino de Oliveira$gil. Álvaro Duarte de Almeida
205 ## $a3ª ed. corrigida e aumentada
210 #9 $aLisboa$cSociedade de Expansão Cultural,$dimp. 1965
215 ## $a129, [3] p.$cil.$d24 cm
517 1# $aObras poéticas de alegoria e de ensino
675 ## $a087.5$vBN$zpor$3287999
675 ## $a869.0-34"18/19"$vBN$zpor$3396098
700 #1 $aOliveira,$bPaulino de,$f1864-1914$3119547
702 #1 $aAlmeida,$bÁlvaro Duarte de,$f1909-1972$4440$31201
801 #0 $aPT$bBN$gRPC
966 ## $lBN$mFGMON$sP. 9739 V.$x3

Etiqueta de registo: 00678cam 02200217 04500
001 69945
003 http://id.bnportugal.gov.pt/bib/catbnp/69945
100 ## $a19950102d1955 c y0pora01030103ba
101 0# $apor
102 ## $aPT
105 ## $aa j 000yy
106 ## $ar
200 1# $aHistórias dos pequeninos$fJaneiro Acabado$gdesenhos de Álvaro Duarte de Almeida
210 #9 $aLisboa$cGomes & Rodrigues,$d[1955]
215 ## $a62, [2] p.$cil.$d23 cm
675 ## $a087.5$vBN$zpor$3287999
700 #1 $aAcabado,$bManuel António Janeiro,$f1888-1970$31829
702 #1 $aAlmeida,$bÁlvaro Duarte de,$f1909-1972$4440$31201
801 #0 $aPT$bBN$gRPC
966 ## $lBN$mFGMON$sP. 2663//2 V.
998 ## $aCR023 - 00024

Etiqueta de registo: 00756cam 02200241 04500
001 76065
003 http://id.bnportugal.gov.pt/bib/catbnp/76065
005 20000410132700.0
095 ## $aPTBN00079103
100 ## $a19891001f19561958a y0pora0103 ba
101 1# $apor$ceng
102 ## $aPT
105 ## $aa z 000yy
106 ## $ar
200 1# $a A ilha do tesouro$fR. L. Stevenson$gtrad. Alsácia Fontes Machado$gdes. Júlio Gil, Álvaro Duarte de Almeida
210 #9 $aLisboa$cPortugália,$d[195-]
215 ## $a266, [1] p.$cil.$d20 cm
225 2# $aBiblioteca dos rapazes$v25
304 ## $aTít. orig.: Treasure island
675 ## $a821.111-311.3"18"$vBN$zpor$3602159
675 ## $a821.111-93"18"$vBN$zpor$3975549
675 ## $a087.5$vBN$zpor$3287999
700 #1 $aStevenson,$bRobert Louis,$f1850-1894$327012
702 #1 $aMachado,$bAlsácia Fontes,$f1913-1991$4730$360842
702 #1 $aAlmeida,$bÁlvaro Duarte de,$f1909-1972$4440$31201
702 #1 $aGil,$bJúlio,$f1924-2004$4440$330697
801 #0 $aPT$bBN$gRPC
966 ## $lBN$mFGMON$sP. 13700 P.
966 ## $lBN$mFGMON$sP. 15246 P.$x6

Etiqueta de registo: 00513cam 22001931 450
001 752945
003 http://id.bnportugal.gov.pt/bib/catbnp/752945
005 19990108000000.0
095 ## $aPTBN00540264
100 ## $a19940117d1950 d y0pory0103 ba
101 0# $apor
102 ## $aPT
105 ## $aa z 001ay
106 ## $ar
200 1# $aCéu aberto$fVirgínia de Castro e Almeida$gil. A. Duarte de Almeida
205 ## $a5ª ed
210 #9 $aLisboa$cClássica Ed.,$d1950
215 ## $a352 p.$cil.$d19 cm
675 ## $a087.5$vBN$zpor$3287999
675 ## $a821.134.3-93"18/19"$vBN$zpor$31009697
675 ## $a821.134.3-311.3"18/19"$vBN$zpor$31283329
700 #1 $aAlmeida,$bVirgínia de Castro e,$f1874-1945$32331
702 #1 $aAlmeida,$bÁlvaro Duarte de,$f1909-1972$4440$31201
801 #0 $aPT$bBN$gRPC
966 ## $lBN$mFGMON$pBiblioteca Popular$sP. 13520 P.$x6
966 ## $lBN$mFGMON$sP. 13915 P.
998 ## $aCB017-140

Etiqueta de registo: 00805c 02200253 04500
001 50336
003 http://id.bnportugal.gov.pt/bib/catbnp/50336
005 19981116093900.0
095 ## $aPTBN00051653
100 ## $a19891223d1956 m a0pora0103 ba
101 0# $apor
102 ## $aPT
105 ## $aa z 001yy
106 ## $ar
200 1# $aVirtudes que vêm de longe$fMargarida Pereira Bastos C. Valente$gil. álvaro Duarte de Almeida
210 #9 $aLisboa$cCampanha Nac. de Educação de Adultos,$d1956
215 ## $a127, [6] p.$cil.$d16 cm
225 2# $aEducativa$v50$hSérie H$v4
300 ## $aPlano de Educação Popular
675 ## $a821.134.3-311.6"19"$vBN$zpor$3583536
700 #1 $aValente,$bMargarida Pereira Bastos C.$3221225
702 #1 $aAlmeida,$bÁlvaro Duarte de,$f1909-1972$4440$31201
801 #0 $aPT$bBN$gRPC
966 ## $lBN$mFGMON$sH.G. 29329 P.
966 ## $lBN$mFGMON$pBiblioteca Popular$sL. 97138 P.$x6
998 ## $aCR010 - 00088

Etiqueta de registo: 00841cam 2200265 450
001 601565
003 http://id.bnportugal.gov.pt/bib/catbnp/601565
005 20000322120100.0
095 ## $aPTBN00811859
100 ## $a19960520d1967 m y0pory0103 ba
101 0# $apor
102 ## $aPT
106 ## $ar
200 1# $aCéu aberto$fVirgínia de Castro e Almeida$gil. de A. Duarte de Almeida
205 ## $a9ª ed
210 #9 $aLisboa$cA. M. Teixeira,$d1967
215 ## $a330, [1] p.$cil.$d19 cm
325 1# $aBraille impresso (grau 2). - Porto : CPAC, 1970. - 4 vol. ; 31 cm. - Cota ALDV: 221bl_001-221bl_004
339 ## $aCPAC $bBraille impresso (grau 2) $c $dNao $e221bl_001-221bl_004
675 ## $a087.5$vBN$zpor$3287999
675 ## $a821.134.3-93"18/19"$vBN$zpor$31009697
675 ## $a821.134.3-311.3"18/19"$vBN$zpor$31283329
700 #1 $aAlmeida,$bVirgínia de Castro e,$f1874-1945$32331
702 #1 $aAlmeida,$bÁlvaro Duarte de,$f1909-1972$4440$31201
801 #0 $aPT$bBN$gRPC
966 ## $lBN$mFGMON$sP. 14169 P.$x1
966 ## $d2v$lBN$mINVISU$s221 580$x0
966 ## $d3v$lBN$mINVISU$s221 581$x0
966 ## $d4v$lBN$mINVISU$s221 582$x0
966 ## $lBN$mINVISU$s221bl_001-221bl_004 $x0

Etiqueta de registo: 01317cam 02200361 04500
001 1043154
003 http://id.bnportugal.gov.pt/bib/catbnp/1043154
005 20010327111500.0
010 ## $a972-33-1023-6
010 ## $a972-33-1022-8
021 ## $aPT$b85178/94
021 ## $aPT$b85179/94
100 ## $a20001228d2000 m y0pory0103 ba
101 0# $apor
102 ## $aPT
105 ## $aa z 001yy
106 ## $ar
200 1# $a A caça em Portugal$fdir. e coord. Carlos Eurico da Costa$gil. Álvaro Duarte de Almeida
205 ## $a4ª ed
210 #9 $aLisboa$cEstampa,$d[D.L. 2000]
215 ## $a2 v.$cil.$d24 cm
225 2# $aReferência$v9-10
327 1# $a1º v. : 408, [1] p.$a2º v. : [D.L. 2000]. - 434, [1] p.
606 ## $2SIPOR$3982323
675 ## $a799.2(469)(076)$vBN$zpor$3982324
675 ## $a639.1(469)(076)$vBN$zpor$3982325
700 #1 $aCosta,$bCarlos Eurico da,$f1928-1998$351934
702 #1 $aAlmeida,$bÁlvaro Duarte de,$f1909-1972$4440$31201
966 ## $b001$d1º v.$lBN$mFGMON$sB.A. 19009 V.$x1
966 ## $b001$d1º v.$lBN$mFGMON$sB.A. 19009 V.$x1
966 ## $b001$d2º v.$lBN$mFGMON$sB.A. 19010 V.$x1
966 ## $b001$d2º v.$lBN$mFGMON$sB.A. 19010 V.$x1
966 ## $b002$d1º v.$lBN$mFGMON$nOferecido à Biblioteca Nacional de Angola$pIncorporação$sB.A. 19436 V.
966 ## $b002$d2º v.$lBN$mFGMON$nOferecido à Biblioteca Nacional de Angola$pIncorporação$sB.A. 19437 V.$x6

Etiqueta de registo: 00594cam 2200193 450
001 745965
003 http://id.bnportugal.gov.pt/bib/catbnp/745965
100 ## $a19990108d1948 cd y0pory01030103ba
101 0# $apor
102 ## $aPT
105 ## $aa z 000yy
106 ## $ar
200 1# $a O livro de capa verde$eselecta infantil$fJoão de Deus Ramos, Jaime Lopes Dias$gil. Álvaro Duarte de Almeida
210 #9 $aLisboa$cLivraria Bertrand,$d1948
215 ## $a113, [2] p.$cil.$d20 cm
317 ## $aBiblioteca particular de Eduardo Nery$5PTBN: L. 119554 P.
675 ## $a821.134.3-34"19"$vBN$zpor$3294228
700 #1 $aRamos,$bJoão de Deus,$f1878-1953$3102571
701 #1 $aDias,$bJaime Lopes,$f1890-1977$4070$326028
702 #1 $aAlmeida,$bÁlvaro Duarte de,$f1909-1972$4440$31201
801 #0 $aPT$bBN$gRPC
966 ## $lBN$mFGMON$sL. 38638 P.
966 ## $lBN$mFGMON$sL. 99567 P.$x6
966 ## $lBN$mFGMON$pBiblioteca Eduardo Nery$sL. 119554 P.$x3
972 ## $e0$z0$d20231114$vmsebas

Etiqueta de registo: 00638cam 022002051 04500
001 69946
003 http://id.bnportugal.gov.pt/bib/catbnp/69946
005 19990713094700.0
095 ## $aPTBN00072373
100 ## $a19950103d1955 c y0pora0103 ba
101 0# $apor
102 ## $aPT
200 1# $aLeituras dos pequeninos$fManuel António Janeiro Acabado$gdesenhos de Álvaro Duarte de Almeida
210 #9 $aLisboa$cGomes & Rodrigues,$d[1955]
215 ## $a64 p.$cil.$d23 cm
675 ## $a087.5$vmed$zpor$3287999
700 #1 $aAcabado,$bManuel António Janeiro,$f1888-1970$31829
702 #1 $aAlmeida,$bÁlvaro Duarte de,$f1909-1972$4440$31201
801 #0 $aPT$bBN$gRPC
966 ## $lBN$mFGMON$sP. 2663//3 V.
998 ## $aCR023 - 00025

Etiqueta de registo: 00685cam 022002291 04500
001 56797
003 http://id.bnportugal.gov.pt/bib/catbnp/56797
100 ## $a19771201d1977 am y0pora0103 ba
101 0# $apor
102 ## $aPT
105 ## $aa z 000ay
106 ## $ar
200 1# $aCéu aberto$fVirgínia de Castro e Almeida$gil. de A. Duarte de Almeida
205 ## $a11ª ed
210 #9 $aLisboa$cClássica,$dimp. 1977
215 ## $a322 p.$cil.$d18 cm
225 2# $a Os melhores livros juvenis$v3
675 ## $a087.5$vBN$zpor$3287999
675 ## $a821.134.3-93"18/19"$vBN$zpor$31009697
675 ## $a821.134.3-311.3"18/19"$vBN$zpor$31283329
700 #1 $aAlmeida,$bVirgínia de Castro e,$f1874-1945$32331
702 #1 $aAlmeida,$bÁlvaro Duarte de,$f1909-1972$4440$31201
801 #0 $aPT$bBN$gRPC
966 ## $lBN$mFGMON$sP. 7946 P.
966 ## $lBN$mFGMON$pBiblioteca Alberto de Lacerda$sP. 22665 P.$x3
998 ## $aCR166 - 00003

Etiqueta de registo: 00744cam 2200217 450
001 764399
003 http://id.bnportugal.gov.pt/bib/catbnp/764399
005 19990109000000.0
095 ## $aPTBN00551797
100 ## $a19940221f19291931am y0pory0103 ba
101 0# $apor
102 ## $aPT
200 1# $aHistória gráfica de Portugal$bVisual gráfico$fJ. J. Leite, A. D. d'Almeida
210 #9 $a[S.l.$cs.n.,$dca 1930?]
215 ## $a1 pasta (30 gravuras)$d31x26 cm
304 ## $aAss. ms.
306 ## $aData provável atribuída segundo características formais
307 ## $aImp. de duas matrizes em relevo (preto e dourado) com as restantes cores aplicadas manualmente
700 #1 $aLeite,$bJ. J.$3161134
701 #1 $aAlmeida,$bÁlvaro Duarte de,$f1909-1972$4070$31201
801 #0 $aPT$bBN$gRPC
966 ## $lBN$mICONOG$sE.A. 363 V. $x2

Etiqueta de registo: 00482nam 22001691i 450
001 1281471
003 http://id.bnportugal.gov.pt/bib/catbnp/1281471
100 ## $a20020801d1946 m y0pory0103 ba
101 0# $apor
102 ## $aPT
105 ## $aag z 000yy
106 ## $ar
200 1# $a A Música na ginástica infantil$fAlberto Feliciano Marques Pereira$gnot. musical Nina Marques Pereira, des. Álvaro Duarte de Almeida
210 #9 $aLisboa$c[s.n.],$d1946
215 ## $a29, [3] p.$cil., notações musicais$d23 cm
225 2# $aGinástica infantil$vfasc. 1
517 1# $aGinástica infantil
700 #1 $aPereira,$bAlberto Feliciano Marques,$f1908-1969$31757926
702 #1 $aAlmeida,$bÁlvaro Duarte de,$f1909-1972$4440$31201
702 #1 $aPereira,$bConstança Marques,$f1911-1968$4030$31775977
801 #0 $aPT$bBN
801 #1 $aFR$bJOUVE
966 ## $lBN$mFGMON$sC.G. 6832 V.$x0
966 ## $lBN$mFGMON$sTR. 2495//5 V. $x0

Etiqueta de registo: 00598cam 22001811 450
001 747742
003 http://id.bnportugal.gov.pt/bib/catbnp/747742
005 20000419154400.0
095 ## $aPTBN00535025
100 ## $a19940112d1947 m y0pory01030103ba
101 0# $apor
102 ## $aPT
105 ## $aa z 000yy
106 ## $ar
200 1# $a A lição de ginástica na própria aula$fAlberto Feliciano Marques Pereira$gpref. Ayala Botto, des. Álvaro Duarte de Almeida
210 #9 $aLisboa$c[s.n.],$d1947
215 ## $a64 p.$cil.$d23 cm
225 2# $aGinástica infantil$vlivro III
517 1# $aGinástica infantil
700 #1 $aPereira,$bAlberto Feliciano Marques,$f1908-1969$31757926
702 #1 $aBoto,$bJosé de Ayala,$f1901-1964$4080$316224
702 #1 $aAlmeida,$bÁlvaro Duarte de,$f1909-1972$4440$31201
801 #0 $aPT$bBN$gRPC
966 ## $lBN$mFGMON$sC.G. 6832 V.
966 ## $lBN$mFGMON$sS.A. 14603 V.
998 ## $aCR635-14

Etiqueta de registo: 00254nam 2200025 450
001 2040466
003 http://id.bnportugal.gov.pt/bib/catbnp/2040466
100 ## $a20200210f19491950m y0pory01030103ba
101 0# $apor
102 ## $aPT
105 ## $aa z 000yy
106 ## $ar
200 1# $a O Valor moral da educação física$a A Lição de ginástica com aparelhagem$fAlberto Feliciano Marques Pereira$gdes. Álvaro Duarte de Almeida e Eduardo Coelho
210 #9 $a[S.l.$cs.n..$d1949]
215 ## $a174, [10] p.$cil.$d24 cm
225 2# $aGinástica infantil$vlivro V
517 1# $a A Lição de ginástica com aparelhagem
517 1# $aGinástica infantil
700 #1 $aPereira,$bAlberto Feliciano Marques,$f1908-1969$31757926
702 #1 $aAlmeida,$bÁlvaro Duarte de,$f1909-1972$4440$31201
702 #1 $aCoelho,$bEduardo Teixeira,$f1919-2005$4440$331614
801 #0 $aPT$bBN$gRPC
966 ## $lBN$mFGMON$sC.G. 6832 V.$x1

Etiqueta de registo: 00254nam 2200025 450
001 2040455
003 http://id.bnportugal.gov.pt/bib/catbnp/2040455
100 ## $a20200210d1946 m y0pory01030103ba
101 0# $apor
102 ## $aPT
105 ## $aa z 000yy
106 ## $ar
200 1# $aExercícios de saltos infantis$fAlberto Feliciano Marques Pereira$gdes. Álvaro Duarte de Almeida
210 #9 $aLisboa$c[s.n.],$d1946
215 ## $a119, [1 br.] p.$cil.$d23 cm
225 2# $aGinástica infantil$vfasc. IV
517 1# $aGinástica infantil
700 #1 $aPereira,$bAlberto Feliciano Marques,$f1908-1969$31757926
702 #1 $aAlmeida,$bÁlvaro Duarte de,$f1909-1972$4440$31201
801 #0 $aPT$bBN$gRPC
966 ## $lBN$mFGMON$sC.G. 6832 V.

Etiqueta de registo: 00254nam 2200025 450
001 2040436
003 http://id.bnportugal.gov.pt/bib/catbnp/2040436
100 ## $a20200210d1947 m y0pory01030103ba
101 0# $apor
102 ## $aPT
105 ## $aa z 000yy
106 ## $ar
200 1# $a O Conto-lição de ginástica infantil$fAlberto Feliciano Marques Pereira$gpref. José Salazar Carreira, des. Álvaro Duarte de Almeida
210 #9 $aLisboa$c[s.n.],$d1947
215 ## $a93, [1 br.] p.$cil.$d23 cm
225 2# $aGinástica infantil$vlivro 1
517 1# $aGinástica infantil
700 #1 $aPereira,$bAlberto Feliciano Marques,$f1908-1969$31757926
702 #1 $aCarreira,$bJ. Salazar,$f1894-1974$4080$3257016
702 #1 $aAlmeida,$bÁlvaro Duarte de,$f1909-1972$4440$31201
801 #0 $aPT$bBN$gRPC
966 ## $lBN$mFGMON$sC.G. 6832 V.

Etiqueta de registo: 01016nam 22002771i 450
001 1281437
003 http://id.bnportugal.gov.pt/bib/catbnp/1281437
100 ## $a20020801d1950 m y0pory0103 ba
101 0# $apor
102 ## $aPT
105 ## $aa z 000yy
106 ## $ar
200 1# $aManual de ginástica infantil : III parte$fAlberto Feliciano Marques Pereira$gdes. de Álvaro Duarte de Almeida e Eduardo Coelho
210 #9 $aLisboa$cMocidade Portuguesa,$d1950
215 ## $a328, [6] p.$cil.$d23 cm
700 #1 $aPereira,$bAlberto Feliciano Marques,$f1908-1969$31757926
702 #1 $aAlmeida,$bÁlvaro Duarte de,$f1909-1972$4440$31201
702 #1 $aCoelho,$bEduardo Teixeira,$f1919-2005$4440$331614
712 01 $aPortugal.$bMocidade Portuguesa$4650$314898
801 #0 $aPT$bBN$gRPC
856 40 $uhttps://purl.pt/23760
856 41 $uhttps://purl.pt/23760/service/media/cover/low
958 ## $aBND$bInterno$cDigitalizado
966 ## $lBN$mFGMON$sC.G. 6832 V $x0
966 ## $lBN$mFGMON$sC.G. 6833 V $x0
966 ## $lBN$mFGMON$sTR. 2408 V.$x0

Etiqueta de registo: 00669cam 22001931i 450
001 1198447
003 http://id.bnportugal.gov.pt/bib/catbnp/1198447
100 ## $a20020123d1946 m y0pory0103 ba
101 0# $apor
102 ## $aPT
105 ## $aa z 000yy
106 ## $ar
200 1# $a A lição de ginástica infantil$eos factores, que condicionam a sua elaboração$fAlberto Feliciano Marques Pereira$gdes. Álvaro Duarte de Almeida e Eduardo Coelho
210 #9 $aLisboa$c[s.n.],$d1946
215 ## $a110, [2] p.$cil.$d23 cm
225 2# $aGinástica infantil$vfasc. III
517 1# $aGinástica infantil
700 #1 $aPereira,$bAlberto Feliciano Marques,$f1908-1969$31757926
702 #1 $aAlmeida,$bÁlvaro Duarte de,$f1909-1972$4440$31201
702 #1 $aCoelho,$bEduardo Teixeira,$f1919-2005$4440$331614
801 #0 $aPT$bBN
801 #1 $aFR$bJOUVE
966 ## $lBN$mFGMON$sC.G. 6832 V.$x0
966 ## $lBN$mFGMON$sS.A. 14603 V.$x0
966 ## $lBN$mFGMON$sS.A. 14604 V.$x0

Etiqueta de registo: 00636cam 2200205 450
001 835952
003 http://id.bnportugal.gov.pt/bib/catbnp/835952
100 ## $a19930914d1957 m y0pory01030103ba
101 0# $apor
102 ## $aPT
105 ## $aa z 000yy
106 ## $ar
200 1# $aQual é a coisa, qual é ela?$fFernando de Castro Pires de Lima$gil. álvaro Duarte de Almeida
210 #9 $aLisboa$cPortugália,$d1957
215 ## $a115 p., 102 f. $cil.$d17 cm
317 ## $aBiblioteca Matilde Rosa Araújo$5PTBN: S.C. 46314 P.
675 ## $a398$vmed$zpor$3288194
700 #1 $aLima,$bFernando de Castro Pires de,$f1908-1973$374477
702 #1 $aAlmeida,$bÁlvaro Duarte de,$f1909-1972$4440$31201
801 #0 $aPT$bBN$gRPC
966 ## $lBN$mFGMON$sS.C. 18266 P.
966 ## $lBN$mFGMON$pBiblioteca Matilde Rosa Araújo$sS.C. 46314 P.$x3

Etiqueta de registo: 00638nam 02200205 04500
001 2153029
003 http://id.bnportugal.gov.pt/bib/catbnp/2153029
100 ## $a20240112f19501959c y0pory01030103ba
101 0# $apor
102 ## $aPT
105 ## $aa z 000yy
106 ## $ar
200 1# $aLeituras dos pequeninos$fJaneiro Acabado$gdes. de Álvaro Duarte de Almeida, Fernando Bento
205 ## $a2ª ed
210 #9 $aPorto$cAvis, [distrib.],$d[195-]
215 ## $a64 p.$cil.$d23 cm
317 ## $aBiblioteca Matilde Rosa Araújo$5PTBN: P. 65139 V.
675 ## $a087.5$vmed$zpor$3287999
700 #1 $aAcabado,$bManuel António Janeiro,$f1888-1970$31829
702 #1 $aAlmeida,$bÁlvaro Duarte de,$f1909-1972$4440$31201
702 #1 $95$aBento,$bFernando$4440$31486833
801 #0 $aPT$bBN$gRPC
966 ## $lBN$mFGMON$pBiblioteca Matilde Rosa Araújo$sP. 65139 V.$x3
971 ## $cssilva$d20240112
972 ## $e0$z0$d20240612$viquintas

Etiqueta de registo: 00678nam 02200217 04500
001 2180140
003 http://id.bnportugal.gov.pt/bib/catbnp/2180140
100 ## $a20240827f19551956c y0pora01030103ba
101 0# $apor
102 ## $aPT
105 ## $aa j 000fy
106 ## $ar
200 1# $aHistórias dos pequeninos$fJaneiro Acabado$gdes. Álvaro Duarte de Almeida
210 #9 $aPorto$cLivraria Avis,$d[195-]
215 ## $a62, [2] p.$cil.$d24 cm
317 ## $aBiblioteca Matilde Rosa Araújo$5PTBN: P. 67883 V.
675 ## $a087.5$vBN$zpor$3287999
675 ## $a821.134.3-93"19"$vBN$zpor$3556734
700 #1 $aAcabado,$bManuel António Janeiro,$f1888-1970$31829
702 #1 $aAlmeida,$bÁlvaro Duarte de,$f1909-1972$4440$31201
801 #0 $aPT$bBN$gRPC
966 ## $lBN$mFGMON$pBiblioteca Matilde Rosa Araújo$sP. 67883 V.$x3
971 ## $cmsebas$d20240827
972 ## $e0$z0$d20250903$viquintas
973 ## $cigoulao$d20241023

Etiqueta de registo: 00629nam 02200229 04500
001 2209908
003 http://id.bnportugal.gov.pt/bib/catbnp/2209908
100 ## $a20250328f19701979c y0pora01030103ba
101 0# $apor
102 ## $aPT
105 ## $aa z 000fy
106 ## $ar
200 1# $aContos dos pequeninos$fJaneiro Acabado$gdes. Álvaro Duarte de Almeida... [et al.]
210 #9 $aPorto$cLivraria Avis,$d[197-]
215 ## $a64 p.$cil.$d24 cm
317 ## $aBiblioteca Matilde Rosa Araújo$5PTBN: P. 69602 V.
675 ## $a087.5$vBN$zpor$3287999
675 ## $a821.134.3-93"19"$vBN$zpor$3556734
700 #1 $aAcabado,$bManuel António Janeiro,$f1888-1970$31829
702 #1 $aAlmeida,$bÁlvaro Duarte de,$f1909-1972$4440$31201
801 #0 $aPT$bBN$gRPC
966 ## $lBN$mFGMON$pBiblioteca Matilde Rosa Araújo$sP. 69602 V.$x3
971 ## $cisantos$d20250328
972 ## $e0$z0$d20250904$viquintas
973 ## $ctrodrigues$d20250428

Etiqueta de registo: 00254nam 2200025 450
001 2285353
003 http://id.bnportugal.gov.pt/bib/catbnp/2285353
100 ## $a20260428d1947 m y0pory01030103ba
101 0# $afre$apor
102 ## $aPT
105 ## $aa z 000yy
106 ## $ar
200 1# $aLa leçon de gymnastique brodée sur un thème$bFotocópia]$fAlberto Feliciano Marques Pereira$gill. Álvaro Duarte de Almeida$gtrad. Marc Régagnon
210 #9 $aLisbonne$cMocidade Portuguesa,$d1947
215 ## $a12 f.$cill.,$d24 cm
225 2# $aGymnastique enfantine
304 ## $aTít. orig.: Manual de ginástica
317 ## $aColeção Leandro de Moraes Sarmento$5PTBN: L.M.S. 878
327 11 $aIlustrações de Álvaro Duarte de Almeida, extraídas da obra a La leçon de gymnastique brodée sur un thème
675 ## $a96.41-053$vBN$zpor$31998514
700 #1 $aPereira,$bAlberto Feliciano Marques,$f1908-1969$31757926
702 #1 $aAlmeida,$bÁlvaro Duarte de,$f1909-1972$4440$31201
702 #1 $91$aRégagnon,$bMarc$4730$31997084
801 #0 $aPT$bBN$gRPC
966 ## $lBN$mFGMON$pBiblioteca particular Leandro de Moraes Sarmento$sL.M.S. 878 $x3

Etiqueta de registo: 00254nkm 2200025 450
001 2285629
003 http://id.bnportugal.gov.pt/bib/catbnp/2285629
100 ## $a20260502d1962 m y0pory01030103ba
101 0# $apor
102 ## $aPT
116 ## $am
200 1# $aConcurso dos Namorados$bVisual gráfico]$egrande iniciativa do jornal O Século
210 #9 $aLisboa$cO Século,$d[1962?]
215 ## $a96 p.$cil., p&b$d19x24 cm
304 ## $aIlustradores: Álvaro Duarte de Almeida, Carlos Ribeiro, Eduardo Teixeira Coelho, José Felix, António Serra Alves Mendes (Meco), Thomaz de Mello (Tom), Baltazar Ortega, Domingos Saraiva, José Garcês
316 ## $aCaderneta por preencher; contém apenas as gravuras de origem impressas na própria estrutura
317 ## $aColeção Leandro de Moraes Sarmento$5PTBN: L.M.S. 958
330 ## $aColeção de 90 gravuras a preto e branco (12x9 cm) alusivas ao tema do namoro. Gravuras numeradas, publicadas diariamente no jornal O Século (canto superior esquerdo da pág. 2), para recortar e colar sobre as figuras e os números correspondentes
517 1# $aCaderneta [do] Concurso dos Namorados
675 ## $a087.5(084.1)$vBN$zpor$3288233
702 #1 $aAlmeida,$bÁlvaro Duarte de,$f1909-1972$4440$31201
702 #1 $aGarcês,$bJosé,$f1928-2020$4440$330188
702 #1 $aCoelho,$bEduardo Teixeira,$f1919-2005$4440$331614
702 #1 $93$aFélix,$bJosé$4440$3285235
702 #1 $91$aOrtega,$bBaltazar$4440$31997461
702 #0 $aTom,$cpseud.$4440$380167
702 #0 $aMéco,$cpseud.$4440$389291
702 #1 $95$aRibeiro,$bCarlos$4440$31009435
702 #1 $aSaraiva,$bDomingos,$f1908-1994$4440$3109461
710 02 $a O Século$c(firma)$3419694
801 #0 $aPT$bBN$gRPC
966 ## $lBN$mFGMON$pBiblioteca particular Leandro de Moraes Sarmento$sL.M.S. 958 $x3

Etiqueta de registo: 00254nkm 2200025 450
001 2285628
003 http://id.bnportugal.gov.pt/bib/catbnp/2285628
100 ## $a20260502d1962 m y0pory01030103ba
101 0# $apor
102 ## $aPT
116 ## $am
200 1# $aConcurso Mulheres de Portugal$bVisual gráfico]$egrande iniciativa do jornal O Século
210 #9 $aLisboa$cO Século,$d[1962?]
215 ## $a96 p.$cil., p&b$d19x24 cm
304 ## $aIlustradores: Álvaro Duarte de Almeida e José Garcês
317 ## $aColeção Leandro de Moraes Sarmento$5PTBN: L.M.S. 957
330 ## $aCaderneta composta por 90 gravuras a preto e branco (12x9 cm) alusiva aos grandes vultos femininos da História de Portugal, acompanhadas de textos elucidativos. As gravuras, numeradas, eram publicadas diariamente no canto superior esquerdo da segunda página do jornal O Século, destinando-se a ser recortadas e coladas nos espaços em branco correspondentes
517 1# $aCaderneta [do] Concurso Mulheres de Portugal
517 1# $aMulheres de Portugal$ecaderneta
675 ## $a087.5(084.1)$vBN$zpor$3288233
702 #1 $aAlmeida,$bÁlvaro Duarte de,$f1909-1972$4440$31201
702 #1 $aGarcês,$bJosé,$f1928-2020$4440$330188
710 02 $a O Século$c(firma)$3419694
801 #0 $aPT$bBN$gRPC
966 ## $lBN$mFGMON$pBiblioteca particular Leandro de Moraes Sarmento$sL.M.S. 957 $x3

Etiqueta de registo: 00254nkm 2200025 450
001 2285627
003 http://id.bnportugal.gov.pt/bib/catbnp/2285627
100 ## $a20260502d1959 m y0pory01030103ba
101 0# $apor
102 ## $aPT
116 ## $am
200 1# $aConcurso Grandes de Portugal$bVisual gráfico]$egrande iniciativa do jornal O Século
210 #9 $aLisboa$cO Século,$d1959
215 ## $a96 p.$cil., p&b$d19x24 cm
304 ## $aIlustradores: Álvaro Duarte de Almeida e José Garcês
316 ## $aFalta grav. 47 (Almeida Garret), 66 (Câmara Pestana), 67 (ator Taborda) e 69 (António Enes)
317 ## $aColeção Leandro de Moraes Sarmento$5PTBN: L.M.S. 956
330 ## $aCaderneta composta por 90 gravuras a preto e branco (12x9 cm) de diversas figuras da História de Portugal, acompanhadas por textos explicativos. As gravuras, numeradas, eram publicadas diariamente no canto superior esquerdo da segunda página do jornal O Século, destinando-se a ser recortadas e coladas nos espaços em branco do reto das páginas (sendo o verso reservado a publicidade)
517 1# $aCaderneta [do] Concurso Grandes de Portugal
517 1# $aGrandes de Portugal$ecaderneta
675 ## $a087.5(084.1)$vBN$zpor$3288233
702 #1 $aAlmeida,$bÁlvaro Duarte de,$f1909-1972$4440$31201
702 #1 $aGarcês,$bJosé,$f1928-2020$4440$330188
710 02 $a O Século$c(firma)$3419694
801 #0 $aPT$bBN$gRPC
966 ## $lBN$mFGMON$pBiblioteca particular Leandro de Moraes Sarmento$sL.M.S. 956 $x3

Etiqueta de registo: 00254nkm 2200025 450
001 2285625
003 http://id.bnportugal.gov.pt/bib/catbnp/2285625
100 ## $a20260502d1962 m y0pory01030103ba
101 0# $apor
102 ## $aPT
116 ## $am
200 1# $aConcurso Lendas de Portugal$bVisual gráfico]$ecaderneta infantil$e2ª série$egrande iniciativa do jornal O Século
210 #9 $aLisboa$cO Século,$d[1962]
215 ## $a32 p.$cil., p&b$d19x24 cm
304 ## $aIlustradores: Álvaro Duarte de Almeida e José Garcês (capa)
317 ## $aColeção Leandro de Moraes Sarmento$5PTBN: L.M.S. 954
330 ## $aCaderneta composta por 90 gravuras a preto e branco (6x5 cm) alusivas a episódios lendários da História de Portugal, acompanhadas de textos elucidativos. As gravuras, numeradas, eram publicadas diariamente no canto superior esquerdo da segunda página do jornal O Século, destinando-se a ser recortadas e coladas nos espaços em branco correspondentes
517 1# $aCaderneta infantil$eConcurso Lendas de Portugal$e2ª série
517 1# $aLendas de Portugal$eCadernetal infanti$e2ª série
675 ## $a087.5(084.1)$vBN$zpor$3288233
702 #1 $aAlmeida,$bÁlvaro Duarte de,$f1909-1972$4440$31201
702 #1 $aGarcês,$bJosé,$f1928-2020$4440$330188
710 02 $a O Século$c(firma)$3419694
801 #0 $aPT$bBN$gRPC
966 ## $lBN$mFGMON$pBiblioteca particular Leandro de Moraes Sarmento$sL.M.S. 954 $x3
966 ## $lBN$mFGMON$pBiblioteca particular Leandro de Moraes Sarmento$sL.M.S. 954 - D $x3

Etiqueta de registo: 00254nkm 2200025 450
001 2285624
003 http://id.bnportugal.gov.pt/bib/catbnp/2285624
100 ## $a20260502d1962 m y0pory01030103ba
101 0# $apor
102 ## $aPT
116 ## $am
200 1# $aConcurso Lendas de Portugal$bVisual gráfico]$e2ª série$egrande iniciativa do jornal O Século
210 #9 $aLisboa$cO Século,$d[1962]
215 ## $a96 p.$cil., p&b$d19x24 cm
304 ## $aIlustradores: Álvaro Duarte de Almeida e José Garcês
317 ## $aColeção Leandro de Moraes Sarmento$5PTBN: L.M.S. 953
330 ## $aCaderneta composta por 90 gravuras a preto e branco (12x9 cm) alusivas a episódios lendários da História de Portugal, acompanhadas de textos elucidativos. As gravuras, numeradas, eram publicadas diariamente no canto superior esquerdo da segunda página do jornal O Século, destinando-se a ser recortadas e coladas nos espaços em branco do reto das páginas (sendo o verso reservado a publicidade)
517 1# $aCaderneta do Concurso Lendas de Portugal$e2ª série
517 1# $aLendas de Portugal$e2ª série$ecaderneta
675 ## $a087.5(084.1)$vBN$zpor$3288233
702 #1 $aAlmeida,$bÁlvaro Duarte de,$f1909-1972$4440$31201
702 #1 $aGarcês,$bJosé,$f1928-2020$4440$330188
710 02 $a O Século$c(firma)$3419694
801 #0 $aPT$bBN$gRPC
966 ## $lBN$mFGMON$pBiblioteca particular Leandro de Moraes Sarmento$sL.M.S. 953 $x3
966 ## $lBN$mFGMON$nFalta a fig. 65; As fig. 68 e 89 estão trocadas$pBiblioteca particular Leandro de Moraes Sarmento$sL.M.S. 953 - D $x3

Etiqueta de registo: 00254nkm 2200025 450
001 2285623
003 http://id.bnportugal.gov.pt/bib/catbnp/2285623
100 ## $a20260502d1960 m y0pory01030103ba
101 0# $apor
102 ## $aPT
116 ## $am
200 1# $aConcurso Lendas de Portugal$bVisual gráfico]$egrande iniciativa do jornal O Século $ecaderneta
210 #9 $aLisboa$cO Século,$d[1960]
215 ## $a96 p.$cil., p&b$d19x24 cm
304 ## $aIlustradores: Álvaro Duarte de Almeida e José Garcês
317 ## $aColeção Leandro de Moraes Sarmento$5PTBN: L.M.S. 952
330 ## $aCaderneta composta por 90 gravuras a preto e branco (12x9 cm) alusivas a episódios lendários da História de Portugal, acompanhadas de textos elucidativos. As gravuras, numeradas, eram publicadas diariamente no canto superior esquerdo da segunda página do jornal O Século, destinando-se a ser recortadas e coladas nos espaços em branco do reto das páginas (sendo o verso reservado a publicidade)
517 1# $aCaderneta [do] Concurso Lendas de Portugal
517 1# $aLendas de Portugal$ecaderneta
675 ## $a087.5(084.1)$vBN$zpor$3288233
702 #1 $aAlmeida,$bÁlvaro Duarte de,$f1909-1972$4440$31201
702 #1 $aGarcês,$bJosé,$f1928-2020$4440$330188
710 02 $a O Século$c(firma)$3419694
801 #0 $aPT$bBN$gRPC
966 ## $lBN$mFGMON$pBiblioteca particular Leandro de Moraes Sarmento$sL.M.S. 952 $x3

Etiqueta de registo: 00254nkm 2200025 450
001 2285622
003 http://id.bnportugal.gov.pt/bib/catbnp/2285622
100 ## $a20260502d1959 m y0pory01030103ba
101 0# $apor
102 ## $aPT
116 ## $am
200 1# $aConcurso Heróis de Portugal$bVisual gráfico]$egrande iniciativa do jornal O Século $ecaderneta
210 #9 $aLisboa$cO Século,$d1959
215 ## $a96 p.$cil., p&b$d19x24 cm
300 ## $aConcurso promovido pelo jornal O Século, com a colaboração da Radiotelevisão Portuguesa
304 ## $aIlustradores: Álvaro Duarte de Almeida, Eduardo Teixeira Coelho e José Garcês
317 ## $aColeção Leandro de Moraes Sarmento$5PTBN: L.M.S. 951
330 ## $aCaderneta composta por 90 gravuras a preto e branco (12x9 cm) de diversas figuras da História de Portugal, acompanhadas por textos explicativos. As gravuras, numeradas, eram publicadas diariamente no canto superior esquerdo da segunda página do jornal O Século, destinando-se a ser recortadas e coladas nos espaços em branco do reto das páginas (sendo o verso reservado a publicidade)
517 1# $aCaderneta [do] Concurso Heróis de Portugal
517 1# $aHeróis de Portugal$ecaderneta
675 ## $a087.5(084.1)$vBN$zpor$3288233
702 #1 $aAlmeida,$bÁlvaro Duarte de,$f1909-1972$4440$31201
702 #1 $aCoelho,$bEduardo Teixeira,$f1919-2005$4440$331614
702 #1 $aGarcês,$bJosé,$f1928-2020$4440$330188
710 02 $a O Século$c(firma)$3419694
801 #0 $aPT$bBN$gRPC
966 ## $lBN$mFGMON$pBiblioteca particular Leandro de Moraes Sarmento$sL.M.S. 951 $x3
966 ## $lBN$mFGMON$nCaderneta incompleta e com gravuras por colar$pBiblioteca particular Leandro de Moraes Sarmento$sL.M.S. 951 - D $x3

OpendataBNP@bnportugal.pt | Mais informação sobre acesso aos dados BNP